书目信息 |
| 题名: |
哥斯达黎加
|
|
| 作者: | 甘博亚 著 ;南开大学历史系 译 | |
| 分册: | ||
| 出版信息: | 天津 天津人民出版社 1973.1 |
|
| 页数: | 306页 | |
| 开本: | 32开 | |
| 丛书名: | ||
| 单 册: | ||
| 中图分类: | K746 | |
| 科图分类: | ||
| 主题词: | 美洲--历史 | |
| 电子资源: | ||
| ISBN: | ||
| 000 | 00753nam0 2200241 45 | |
| 001 | 0211150955 | |
| 005 | 20031219104100.3 | |
| 010 | @dCNY0.86 | |
| 091 | @a11072.9 | |
| 100 | @a20021115d1973 km y0chiy0120 ea | |
| 101 | 0 | @achi |
| 105 | @a z 000yy | |
| 200 | 1 | @a哥斯达黎加@AGe Si Da Li Jia@e历史政治纲要@ELi Shi Zheng Zhi Gang Yao@f(哥)弗朗西斯·甘博亚著@F(Ge)Fu Lang Xi Si·Gan Bo Ya Zhu@g南开大学历史系译 |
| 210 | @a天津@c天津人民出版社@d1973.1 | |
| 215 | @a306页@d32开 | |
| 300 | @a内部读物 | |
| 517 | @a历史政治纲要@ALi Shi Zheng Zhi Gang Yao | |
| 606 | 0 | @a美洲@x历史 |
| 690 | @aK746@v3 | |
| 701 | 0 | @a甘博亚@4著 |
| 712 | 02 | @a南开大学历史系@ANan Kai Da Xue Li Shi Xi@4译 |
| 801 | @aCN@bTSTC@c20021115 | |
| 905 | @f1@b228675@dK746@e5 | |
| 哥斯达黎加:历史政治纲要/(哥)弗朗西斯·甘博亚著/南开大学历史系译.-天津:天津人民出版社,1973.1 |
| 306页;32开 |
| 内部读物 |
| ISBN :CNY0.86 |
| ● |
| 相关链接 |
|
|
|
|
正题名:哥斯达黎加
索取号:K746/5
 
预约/预借
| 序号 | 登录号 | 条形码 | 馆藏地/架位号 | 状态 | 备注 |
| 1 | 0228675 | 001622961 | 密集书库/ [索取号:K746/5] | 在馆 |